OHLAS O SLOVENSKÍCH NÁRODŇÍCH NOVINÁCH A ORLOVI TATRÁNSKOM.

Bibliographic Details
Main Author: Szathmáryová-Vlčková, Viera, 1900-1966 (Author)
Format: Article
Language:Slovak

MARC

LEADER 00000nab a2200000uu 4500
001 vtls010896663
003 SK-MaSNL
005 20260303174439.0
008 230222|1929 xo |||||||||||||||||slo|
015 |a SNBRB 
035 |a (urnnbn)urn:nbn:sk:snk:ar-006lg0 
035 |a (uuid)1f198a37-d2c9-4074-b341-1bac7f8bc167 
035 |a urn:nbn:sk:snk-ab8p9k 
040 |a SNKBUCL  |b slo  |c SNKBUCL  |e AACR2 
041 0 |a slo 
044 |a xo  |c SK 
100 1 |a Szathmáryová-Vlčková, Viera,  |d 1900-1966  |4 aut  |9 80081 
245 1 0 |a OHLAS O SLOVENSKÍCH NÁRODŇÍCH NOVINÁCH A ORLOVI TATRÁNSKOM.  |c Viera Szathmáry-Vlčková 
773 0 |t Sborník Matice slovenskej  |g Roč. 7, č. 3-4 (1929), s. 144-153 
954 |a odborná, vedecká literatúra pôvodná (slovenská)  |2 lita 
958 |a OND 
958 |a EUIPO 
958 |a article10 
999 |c 2096722  |d 2098652